000 01751cam a2200301 4500
001 ABS68113
008 040903n2004 000 0 eng u
035 _a(Sirsi) u127258
245 _aSpecial report: regeneration East Midlands
260 _c2004
490 _aProperty Week
_v69(31) 30 July 2004, 53-64(7)
520 _a"Believe it when UDC it" reports on how Northamptonshire is split over government plans to introduce a new urban development corporation in the west of the county and progress has been held up after a hearing at the House of Lords. "Notts at any price" discusses the plans of Roxylight, the developer behind Nottingham's biggest regeneration scheme. Roxylight hopes rent free periods of up to five years will tempt government tenants. "State of independence" profiles Midlands surveyor and UK Independence Party MEP Mike Nattrass who believes that the Eurosceptic position of UKIP will benefit the UK's regeneration projects and the property industry. "Corby's catalyst" reports how the head of Corby's urban regeneration company hopes residential schemes will kick start commercial development. The last article "A rich seam to mine" describes how easy access to the M1 has been the catalyst for the regeneration of Derbyshire's Markham colliery.
590 _aABS
590 _aABS
650 _aEAST MIDLANDS
650 _aDERBYSHIRE
650 _aCORBY
650 _aREGENERATION
650 _aNOTTINGHAM
650 _aNORTHAMPTONSHIRE
650 _aM1
650 _aINDUSTRIAL MARKET
650 _aOFFICE MARKET
650 _aPROPERTY-COMMERCIAL PROPERTY-RETAIL PROPERTY-RETAIL PROPERTY MARKET
650 _aURBAN DEVELOPMENT CORPORATIONS
690 _aCOMMERCIAL PROPERTY-MARKET
942 _n0
999 _c117950
_d117950